Fábulas /

Guardado en:
Autor Principal: Boetto, Aldo
Otros Autores: De La Cruz, Paula, il.
Formato: Libro
Publicado: Buenos Aires : Atlántida, 2013
Materias:
Etiquetas: Agregar Etiqueta
Sin Etiquetas, Sea el primero en etiquetar este registro!
LEADER 01116nam a22002295a 4500
001 CEM.cems018285
005 20140423104507.0
008 130507s2013##################000#0#####d
003 CEMS
020 |a 9789500841825 
082 0 4 |a A868.4 
100 1 |a Boetto, Aldo 
245 1 0 |a Fábulas /  |c Adapatación de Aldo Boetto ; ilustraciones de Paula de La Cruz 
260 |a Buenos Aires :  |b Atlántida,  |c 2013 
300 |a 32 p. 
505 0 |a La zorra rabicorta / Esopo -- El perro y la sombra / Esopo -- La liebre y la tortuga / Esopo -- El gato y los ratones / Esopo -- La paloma y la hormiga / Esopo -- El eón, la zorra y el ciervo / Esopo -- El asno y el lobo / Esopo -- El águila, la gata y la jabalina / La Fontaine -- El ratón de la corte y el ratón campesino / La Fontaine -- La zorra y la cigueña / La Fontaine -- El gato y los dos gorriones / La Fontaine -- El gato y el ratón / La Fontaine 
653 |a Litertura 
653 |a Fábulas 
653 |a Esopo-biografía 
653 |a La fontaine-biografía 
700 1 |a De La Cruz, Paula, il. 
859 |a CEMS  |b BIB. CEMS - Agricultura  |h A868.4  |i B633  |p A2107.14  |t Ej.1